<?xml version="1.0" encoding="UTF-8"?>
<record
    xmlns:xsi="http://www.w3.org/2001/XMLSchema-instance"
    xsi:schemaLocation="http://www.loc.gov/MARC21/slim http://www.loc.gov/standards/marcxml/schema/MARC21slim.xsd"
    xmlns="http://www.loc.gov/MARC21/slim">

  <leader>00915nam a22002417a 4500</leader>
  <controlfield tag="003">DO-SdBNP</controlfield>
  <controlfield tag="005">20240417195416.0</controlfield>
  <controlfield tag="007">ta</controlfield>
  <controlfield tag="008">210405b1998    dr a|||| |||| 00| 0 spa d</controlfield>
  <datafield tag="040" ind1=" " ind2="4">
    <subfield code="a">DO-SdBNP</subfield>
    <subfield code="b">spa</subfield>
    <subfield code="c">BNPHU</subfield>
  </datafield>
  <datafield tag="082" ind1=" " ind2="4">
    <subfield code="a">323 </subfield>
    <subfield code="b">D295u</subfield>
    <subfield code="2">22</subfield>
  </datafield>
  <datafield tag="110" ind1="0" ind2=" ">
    <subfield code="a">Centro Antonio Montecino (CEAM)</subfield>
    <subfield code="9">78641</subfield>
  </datafield>
  <datafield tag="245" ind1="1" ind2="0">
    <subfield code="a">Declaraci&#xF3;n Universal de Derechos Humanos : </subfield>
    <subfield code="b">50 Aniversario de la Declaraci&#xF3;n Universal de Derechos Humanos /</subfield>
    <subfield code="c">Centro Antonio Montesino (CEAM)</subfield>
  </datafield>
  <datafield tag="260" ind1="2" ind2=" ">
    <subfield code="a">Santo Domingo :</subfield>
    <subfield code="b">MSC,</subfield>
    <subfield code="c">1998.</subfield>
  </datafield>
  <datafield tag="300" ind1=" " ind2=" ">
    <subfield code="a">9 p. :</subfield>
    <subfield code="b">il. ;</subfield>
    <subfield code="c">22 cm.</subfield>
  </datafield>
  <datafield tag="500" ind1=" " ind2=" ">
    <subfield code="a">Con el auspicio de MISEREOR y la Parroquia S, Felipe de Texas.</subfield>
  </datafield>
  <datafield tag="590" ind1=" " ind2=" ">
    <subfield code="a">Inventariado, 2021 / SA</subfield>
  </datafield>
  <datafield tag="630" ind1=" " ind2="4">
    <subfield code="t">Declaraci&#xF3;n Universal de Derechos Humanos</subfield>
    <subfield code="y">1948</subfield>
    <subfield code="z">Naciones Unidas</subfield>
    <subfield code="9">78650</subfield>
  </datafield>
  <datafield tag="650" ind1=" " ind2="4">
    <subfield code="a">Derechos Humanos</subfield>
    <subfield code="y">1948 -1998</subfield>
    <subfield code="z">Estados Unidos de Am&#xE9;rica</subfield>
    <subfield code="9">78648</subfield>
  </datafield>
  <datafield tag="650" ind1=" " ind2="0">
    <subfield code="a">Derecho civil</subfield>
    <subfield code="9">5702</subfield>
  </datafield>
  <datafield tag="910" ind1=" " ind2=" ">
    <subfield code="a">Saquino</subfield>
  </datafield>
  <datafield tag="942" ind1=" " ind2=" ">
    <subfield code="2">ddc</subfield>
    <subfield code="c">LF2</subfield>
  </datafield>
  <datafield tag="952" ind1=" " ind2=" ">
    <subfield code="0">0</subfield>
    <subfield code="1">0</subfield>
    <subfield code="2">ddc</subfield>
    <subfield code="5">1</subfield>
    <subfield code="7">0</subfield>
    <subfield code="8">PD</subfield>
    <subfield code="a">BNPHU</subfield>
    <subfield code="b">BNPHU</subfield>
    <subfield code="c">CT</subfield>
    <subfield code="d">2021-04-05</subfield>
    <subfield code="o">BNPHU PD 323 D295u</subfield>
    <subfield code="p">2021-1295</subfield>
    <subfield code="r">2021-04-05</subfield>
    <subfield code="w">2021-04-05</subfield>
    <subfield code="y">LF2</subfield>
  </datafield>
  <datafield tag="999" ind1=" " ind2=" ">
    <subfield code="c">49705</subfield>
    <subfield code="d">49705</subfield>
  </datafield>
</record>
